Contemporary statistics: a computer approach (Record no. 7695)

000 -LEADER
fixed length control field 00641 a2200181 4500
040 ## - CATALOGING SOURCE
Original cataloging agency DLC
082 00 - DEWEY DECIMAL CLASSIFICATION NUMBER
Classification number 519.5
100 1# - MAIN ENTRY--PERSONAL NAME
Personal name Gordon, Sheldon P.
245 10 - TITLE STATEMENT
Title Contemporary statistics: a computer approach
Remainder of title a computer approach
Statement of responsibility, etc. Sheldon P. Gordon, Florence S. Gordon.
260 ## - PUBLICATION, DISTRIBUTION, ETC.
Place of publication, distribution, etc. New York :
Name of publisher, distributor, etc. McGraw-Hill,
Date of publication, distribution, etc. c1994.
300 ## - PHYSICAL DESCRIPTION
Extent xv, 695 P. :
Other physical details ill. (some col.) ;
Dimensions 25 cm. +
Accompanying material 1 computer disk (3 1/2 in.)
500 ## - GENERAL NOTE
General note IBM PC compatibles; DOS; hard drive or floppy disk drive.
500 ## - GENERAL NOTE
General note Includes index.
650 #0 - SUBJECT ADDED ENTRY--TOPICAL TERM
Topical term or geographic name entry element Statistics.
650 #0 - SUBJECT ADDED ENTRY--TOPICAL TERM
Topical term or geographic name entry element Statistics
General subdivision Data processing.
700 1# - ADDED ENTRY--PERSONAL NAME
Personal name Gordon, Florence S.
942 ## - ADDED ENTRY ELEMENTS (KOHA)
Koha item type Book
Call number prefix 519.5 GOR
Source of classification or shelving scheme
Holdings
Withdrawn status Lost status Damaged status Not for loan Collection code Permanent Location Current Location Shelving location Date acquired Source of acquisition Total Checkouts Full call number Barcode Date last seen Price effective from Koha item type
          Central Library (CL) Central Library (CL) General Stacks 11/07/2001 Donation   519.5 GOR SEECS001440 11/14/2012 01/05/2017 Book
          Central Library (CL) Central Library (CL) General Stacks 02/11/2002 Donation   519.5 GOR SEECS001791 11/14/2012 01/05/2017 Book
          Central Library (CL) Central Library (CL) General Stacks 11/07/2001 Donation   519.5 GOR SEECS001439 11/14/2012 01/05/2017 Book
© 2023 Central Library, National University of Sciences and Technology. All Rights Reserved.